00674 a2200169 45000010006000000050017000060080041000230030015000640400040000790800077001192450042001962640043002383000019002815050157003001000027004577000020004843082020260407155617.0260407a1961 arg spa dAR-UNSa-BCEJYS aAR-UNSa-BCEJYSbspacAR-UNSa-BCEJYS a657.633xDetalles técnicos de la auditoría. Comprobaciones internas 10aAuditoria y análisis de los estados 1aBuenos Aires :bEdiciones Macchic1961 a392 p.c23 cm. a1. La actividad profesional del contador público independiente - 2. El contador público como auditor externo - 3. Examen de los estados contables...1 aPierre, José Alfredo1 aGarcia, Domingo